Sám sebe architektom

Bibliographic Details
Main Author: Haroldová, Veronika (Author, Photographer, Illustrator)
Format: Book
Language:Slovak
Czech
PhysicalDescription:256 strán farebné fotografie, ilustrácie 31 cm
Published: Praha Ottovo nakladatelství, s.r.o. 2019
ISBN:9788074517464
Subjects:

MARC

LEADER 00000cam a2200000 4500
001 vtls011826890
003 SK-MaSNL
005 20260301183953.0
008 210202s2019 xr o grf 000 0 slo
015 |a SNBZSA2019/01 
020 |a 9788074517464  |q (viazané) 
035 |a 85740B3C-6CB8-4767-85A5-45A3D201DD8D 
035 |a urn:nbn:sk:snk-am3idl0 
035 |a urn:nbn:sk:snk-am00e607 
040 |a SNK  |b slo  |c SNK  |e rda 
041 1 |a slo  |h cze 
044 |a xr  |c CZ 
072 7 |a 643  |x Byt. Miestnosti. Vybavenie bytu  |2 konspekt 
080 |a 643:72.012.8  |2 2011 
080 |a 645.4/684.41  |2 2011 
080 |a 643/645:72.012.8  |2 2011 
080 |a 7.05  |2 2011 
080 |a (035)  |2 2011 
080 |a (084.11)  |2 2011 
100 1 |a Haroldová, Veronika  |4 aut  |4 pht  |4 ill  |9 559922 
240 1 0 |a Sám sobě architektem  |l Slovensky 
245 1 0 |a Sám sebe architektom  |c Veronika Haroldová 
264 1 |a Praha  |b Ottovo nakladatelství, s.r.o.  |c 2019 
300 |a 256 strán  |b farebné fotografie, ilustrácie  |c 31 cm 
336 |a text  |b txt  |2 rdacontent 
336 |a statický obraz  |b sti  |2 rdacontent 
337 |a bez média  |b n  |2 rdamedia 
338 |a zväzok  |b nc  |2 rdacarrier 
650 0 7 |a bytové interiéry  |2 SNKPH  |9 2954 
650 0 7 |a bytové doplnky  |2 SNKPH  |9 3745 
650 0 7 |a bytová architektúra  |2 SNKPH  |9 3740 
650 0 7 |a dizajn  |2 SNKPH  |9 762 
650 0 7 |a Residential interiors  |2 SNKPHeng  |9 274307 
650 0 7 |a Interior architecture  |2 SNKPOHeng  |9 267990 
650 0 7 |a Design  |2 SNKPHeng  |9 267116 
655 7 |a príručky  |2 SNKPH  |9 74364 
655 7 |a obrazové publikácie  |2 SNKPH  |9 70343 
655 7 |a Handbooks, manuals, etc.  |2 SNKPHeng  |9 90964 
655 7 |a Pictorial works  |2 SNKPHeng  |9 284468 
919 |a 978-80-7451-746-4 
958 |a ZS 
958 |a CZ 
958 |a OP 
968 |b ČES 
999 |c 858968  |d 860898 
952 |a SNK  |b SNK  |y PREZ  |7 0  |p 17A1352584  |o snkSB 93635  |i snk2019/1955  |8 4  |g 13.99  |0 0  |1 0  |4 0  |d 2019-01-08  |f 1  |l 0  |r 2025-05-15 00:00:00  |w 2026-02-24